Music Quiz

Random Music or Song Quiz

UK TOP 30 RECORDS OF 1970 Quiz Stats

 Plays Quiz not verified by Sporcle

Also try: Song Opposites
Challenge
Share
Tweet
Embed
Score 0/30 Timer 08:00
0 Plays Today
Song Title ARTIST/GROUP % Correct
BRIDGE OVER TROUBLED WATERSIMON AND GARFUNKEL
94.7%
IN THE SUMMERTIMEMUNGO JERRY
86%
LOLATHE KINKS
82.5%
THE WONDER OF YOUELVIS PRESLEY
80.7%
ALL RIGHT NOWFREE
78.9%
TEARS OF A CLOWNSMOKEY ROBINSON AND THE MIRACLES
75.4%
BAND OF GOLDFREDA PAYNE
73.7%
SPIRIT IN THE SKYNORMAN GREENBAUM
73.7%
TWO LITTLE BOYSROLF HARRIS
71.9%
VOODOO CHILDJIMI HENDRIX EXPERIENCE
71.9%
WANDRIN' STARLEE MARVIN
66.7%
LEAVING ON A JET PLANEPETER PAUL AND MARY
63.2%
ALL KINDS OF EVERYTHINGDANA
61.4%
LOVE GROWS WHERE MY ROSEMARY GOESEDISON LIGHTHOUSE
59.6%
RUBY DON'T TAKE YOUR LOVE TO TOWNKENNY ROGERS AND THE FIRST EDITION
59.6%
Song Title ARTIST/GROUP % Correct
I HEAR YOU KNOCKINGDAVE EDMUNDS
54.4%
BACK HOMEENGLAND WORLD CUP SQUAD
52.6%
YELLOW RIVERCHRISTIE
47.4%
BLACK NIGHTDEEP PURPLE
47.4%
PATCHESCLARENCE CARTER
45.6%
WOODSTOCKMATTHEWS SOUTHERN COMFORT
38.6%
SOMETHINGSHIRLEY BASSEY
36.8%
GROOVIN' WITH MR BLOEMR BLOE
33.3%
COTTONFIELDSTHE BEACHBOYS
31.6%
CAN'T HELP FALLING IN LOVEANDY WILLIAMS
29.8%
NEANDERTHAL MANHOTLEGS
26.3%
LET'S WORK TOGETHERCANNED HEAT
24.6%
HONEY COME BACKGLEN CAMPBELL
21.1%
YOU CAN GET IT IF YOU REALLY WANTDESMOND DEKKER
17.5%
ME AND MY LIFETHE TREMELOES
14%

You're not logged in!

Compare scores with friends on all Sporcle quizzes.
Join for Free
OR
Log In

You Might Also Like...

Show Comments

Extras

Top Quizzes Today


Score Distribution

Your Account Isn't Verified!

In order to create a playlist on Sporcle, you need to verify the email address you used during registration. Go to your Sporcle Settings to finish the process.

Report this User

Report this user for behavior that violates our Community Guidelines.

Details: